000 00624nam a2200205Ia 4500
003 GCL
008 140319s9999 xx 000 0 ara d
040 _aGCL /
_cGCL
082 0 4 _a811.6
_bغ ش
100 1 _aغومث، اميليو غرسية
245 1 0 _aالشعر الاندلس : بحث فى تطورة وخصائصة /
_cغومث، اميليو غرسية
700 1 _aحسين مؤنس
300 _a235 ص
490 _aالالف كتاب
_v0
650 0 4 _aالشعر العربى
650 0 4 _aالادب العربى
650 0 4 _aالشعر الاندلسى
650 0 4 _aالشعر
942 _2ddc
_cBK
999 _c45942
_d45942